| 000 | 00898nam a2200265 i 4500 | ||
|---|---|---|---|
| 003 | EG-ScBUE | ||
| 005 | 20230619095211.0 | ||
| 008 | 100202t1967 cauab f 000 0 eng d | ||
| 020 | _a876870019 | ||
| 040 |
_aEG-ScBUE _beng _erda _cEG-ScBUE _dEG-ScBUE |
||
| 082 | 0 | 4 |
_222 _a909 _bANC |
| 245 | 0 | 4 |
_aThe ancient world / _ccompiled, edited and with an introduction by Raymond Friday Locke. |
| 264 | 1 |
_aLos Angeles : _bMankind publishing Company, _c[1967] |
|
| 264 | 4 | _cc1967 | |
| 300 |
_a253 pages : _billustrations, maps ; _c20 cm |
||
| 336 |
_2rdacontent _atext _btxt |
||
| 337 |
_2rdamedia _aunmediated _bn |
||
| 338 |
_2rdacarrier _avolume _bnc |
||
| 650 | 7 |
_910795 _aWorld Politics _b1965- _2BUEsh |
|
| 650 | 7 |
_910840 _aWorld history _b1965- _2BUEsh |
|
| 655 | _vReading book | ||
| 700 | 1 |
_aLocke, Raymond Friday, _ecompiler, _eeditor. |
|
| 942 |
_2ddc _cBB |
||
| 999 |
_c13252 _d13252 |
||